| 000 | 00425pab a2200157 454500 | ||
|---|---|---|---|
| 008 | 180718b2005 xxu||||| |||| 00| 0 eng d | ||
| 100 | _aMallik, Jayanta Kumar | ||
| 245 | _aIndia's exports: policy defeating exchange rate arithmetic | ||
| 260 | _c2005 | ||
| 300 | _ap.5486-496. | ||
| 362 | _a24 Dec | ||
| 650 | _aIndia - Commerce | ||
| 650 | _aExports/Imports | ||
| 773 | _aEconomic and Political Weekly | ||
| 909 | _a68339 | ||
| 999 |
_c68339 _d68339 |
||